书目信息 |
| 题名: |
3ds max 8 Ligtscape 3.2Photoshop CS室内外效果图实例完全解析
|
|
| 作者: | 王海燕 , 王宏 , 张陆军 编著 | |
| 分册: | ||
| 出版信息: | 北京 机械工业出版社 2006.05 |
|
| 页数: | 314页 | |
| 开本: | 25cm | |
| 丛书名: | ||
| 单 册: | ||
| 中图分类: | TU238-39 | |
| 科图分类: | ||
| 主题词: | 室内设计--shi nei she ji--计算机辅助设计--图形软件 | |
| 电子资源: | ||
| ISBN: | 7-111-17930-7 | |
| 000 | 01218nam0 2200277 450 | |
| 001 | 012008801509 | |
| 005 | 20080110085330.54 | |
| 010 | @a7-111-17930-7@dCNY58.00 (含光盘) | |
| 100 | @a20080109d2006 em y0chi0120 ea | |
| 101 | 0 | @achi |
| 102 | @aCN@b110000 | |
| 105 | @aa z 000yy | |
| 106 | @ar | |
| 200 | 1 | @a3ds max 8 Ligtscape 3.2Photoshop CS室内外效果图实例完全解析@A3ds max 8 Ligtscape 3.2Photoshop CS shi nei wai xiao guo tu shi li wan quan jie xi@f王海燕, 王宏, 张陆军等编著@Fwang hai yan,wang hong,zhang lu jun deng bian zhu |
| 210 | @a北京@c机械工业出版社@d2006.05 | |
| 215 | @a314页@c图@d25cm@e光盘2片 | |
| 307 | @a光盘 ISBN : 7-89492-627-2 | |
| 330 | @a本书共3个部分,第1部分为基础知识;第2部分为室内空间效果图场影制作,包括卧室空间效果图制作、商场空间制作和展示空间效果图场景制作等;第3部分为室外空间效果图场景,包括别墅场景、办公楼场景、商业楼场景等。 | |
| 606 | 0 | @a室内设计@Ashi nei she ji@x计算机辅助设计@x图形软件 |
| 610 | 0 | @a3DS MAX 7@aLightscape 3.2@aPhotoshop CS |
| 690 | @aTU238-39@v4 | |
| 701 | 0 | @a王海燕@Awang hai yan@4编著 |
| 701 | 0 | @a王宏@Awang hong@4编著 |
| 701 | 0 | @a张陆军@Azhang lu jun@4编著 |
| 801 | 0 | @aCN@bQSSK@c20080110 |
| 905 | @b276587-89@dTU238-39@eW208@f3 | |
| 3ds max 8 Ligtscape 3.2Photoshop CS室内外效果图实例完全解析/王海燕, 王宏, 张陆军等编著.-北京:机械工业出版社,2006.05 |
| 314页:图;25cm+光盘2片 |
| ISBN 7-111-17930-7:CNY58.00 (含光盘) |
| 本书共3个部分,第1部分为基础知识;第2部分为室内空间效果图场影制作,包括卧室空间效果图制作、商场空间制作和展示空间效果图场景制作等;第3部分为室外空间效果图场景,包括别墅场景、办公楼场景、商业楼场景等。 |
| ● |
| 相关链接 |
|
|
|
正题名:3ds max 8 Ligtscape 3.2Photoshop CS室内
索取号:TU238-39/W208
 
预约/预借
| 序号 | 登录号 | 条形码 | 馆藏地/架位号 | 状态 | 备注 |
| 1 | 276587 | 202765873 | 建筑库101/101建筑库 52排7列4层/ [索取号:TU238-39/W208] | 在馆 | |
| 2 | 276588 | 202765882 | 建筑库101/101建筑库 52排7列4层/ [索取号:TU238-39/W208] | 在馆 | |
| 3 | 276589 | 202765891 | 建筑库101/101建筑库 52排7列4层/ [索取号:TU238-39/W208] | 在馆 |